[Event "XXII C.to Mondiale Seniores"]
[Site "Kamena Vourla GRE"]
[Date "2012.11.13"]
[Round "1"]
[White "Karasev, Vladimir I."]
[Black "Guaglianone, Mario"]
[WhiteElo "2376"]
[BlackElo "2017"]
[Result "1-0"]
[PlyCount "89"]
[EventDate "2012.11.13"]

1. Nf3 Nf6 2. g3 g6 3. Bg2 Bg7 4. O-O O-O 5. d3 d6 6. e4 c5 7. e5 dxe5 8. Nxe5
Nfd7 9. Nxd7 Nxd7 10. Nc3 Rb8 11. Bf4 e5 12. Be3 b6 13. f4 Bb7 14. f5 Bxg2 15.
Kxg2 Qc7 16. Qf3 Qb7 17. Ne4 gxf5 18. Qxf5 Nf6 19. Rf3 Nxe4 20. dxe4 Qc6 21. g4
Qg6 22. Raf1 Qxf5 23. Rxf5 Rbd8 24. g5 Rd6 25. Kf3 f6 26. Kg4 fxg5 27. Rxf8+
Bxf8 28. Bxg5 Rd7 29. Kf5 h6 30. Ke6 Rd6+ 31. Kxe5 Rg6 32. Bf6 Rg2 33. Ke6 Bg7
34. Ke7 Bxf6+ 35. Rxf6 Rxh2 36. e5 Rxc2 37. Rg6+ Kh7 38. Kf7 Rxb2 39. e6 Re2
40. Rf6 c4 41. e7 Rxe7+ 42. Kxe7 b5 43. Rc6 Kg7 44. Kd6 h5 45. Rc5 1-0

[Event "XXII C.to Mondiale Seniores"]
[Site "Kamena Vourla GRE"]
[Date "2012.11.13"]
[Round "1"]
[White "Scholtyssek, Werner"]
[Black "Valenti, Giuseppe"]
[WhiteElo "1835"]
[BlackElo "2169"]
[Result "0-1"]
[PlyCount "98"]
[EventDate "2012.11.13"]

1. d4 Nf6 2. Nc3 d5 3. g3 e6 4. Bg2 c5 5. e3 cxd4 6. exd4 Bd6 7. Nge2 Nc6 8.
O-O O-O 9. Re1 b6 10. b3 Ba6 11. a4 Rc8 12. Ba3 Nb4 13. Qd2 Qe7 14. Rec1 Nc6
15. Bxd6 Qxd6 16. Nb5 Qd7 17. c3 Na5 18. Qa2 Bxb5 19. axb5 Qxb5 20. b4 Nc4 21.
Qa6 Qxa6 22. Rxa6 Rc7 23. Rca1 Ra8 24. Kf1 Nd7 25. Ke1 Nb8 26. R6a2 Nc6 27. f4
Rd8 28. Kf2 g6 29. h4 a5 30. bxa5 bxa5 31. Nc1 Rb8 32. Nd3 Rcb7 33. Rc2 Rb1 34.
Raa2 Kg7 35. g4 Rd1 36. Nb2 Rxb2 37. Raxb2 Nxb2 38. Rxb2 Rc1 39. Rb3 Rc2+ 40.
Kf3 a4 41. Ra3 Rb2 42. Bf1 Rb3 43. Rxb3 axb3 44. Bd3 Na5 45. Ke2 Nc4 46. Kd1
Ne3+ 47. Kc1 Nxg4 48. Kb2 Ne3 49. Kxb3 Ng2 0-1

[Event "XXII C.to Mondiale Seniores"]
[Site "Kamena Vourla GRE"]
[Date "2012.11.15"]
[Round "3"]
[White "Keze, Arnis"]
[Black "Guaglianone, Mario"]
[WhiteElo "1718"]
[BlackElo "2017"]
[Result "0-1"]
[PlyCount "108"]
[EventDate "2012.11.13"]

1. d4 Nf6 2. c4 e6 3. Nc3 Bb4 4. Bd2 O-O 5. Nf3 d6 6. a3 Bxc3 7. Bxc3 Ne4 8.
Rc1 Nd7 9. e3 Qe7 10. Bd3 Nxc3 11. Rxc3 e5 12. dxe5 dxe5 13. Bb1 Nf6 14. Qc2 g6
15. Nd2 c5 16. e4 Nh5 17. Nf1 f5 18. Ng3 Nf4 19. f3 Ne6 20. exf5 Nd4 21. Qf2
gxf5 22. O-O f4 23. Ne4 Kh8 24. Kh1 b6 25. Rg1 Bb7 26. g3 Rg8 27. g4 h6 28. h4
Rg7 29. g5 Rag8 30. Nf6 Qxf6 31. gxf6 Rxg1+ 32. Qxg1 Bxf3+ 33. Rxf3 Rxg1+ 34.
Kxg1 Nxf3+ 35. Kg2 Nd2 36. Bf5 e4 37. Bg4 Kg8 38. Bh5 Nxc4 39. Bg6 Nd6 40. Kf2
c4 41. Ke2 b5 42. Kd2 Kf8 43. Ke2 a5 44. Kd2 e3+ 45. Ke2 Ne8 46. Be4 Nxf6 47.
Bc6 b4 48. axb4 axb4 49. Bb5 c3 50. bxc3 bxc3 51. Bd3 Ke7 52. Kf3 Nd5 53. Bg6
Nb4 54. h5 c2 0-1

[Event "XXII C.to Mondiale Seniores"]
[Site "Kamena Vourla GRE"]
[Date "2012.11.16"]
[Round "4"]
[White "Guaglianone, Mario"]
[Black "Blaushtain, Boris"]
[WhiteElo "2017"]
[BlackElo "2092"]
[Result "0-1"]
[PlyCount "102"]
[EventDate "2012.11.13"]

1. Nf3 Nf6 2. g3 e6 3. Bg2 d5 4. O-O Bd6 5. d3 O-O 6. Nbd2 Nbd7 7. e4 c6 8. Qe2
e5 9. c3 Re8 10. Rb1 a5 11. a4 b6 12. Rd1 Ba6 13. c4 d4 14. h3 Nc5 15. b3 Bc8
16. Nf1 Bd7 17. Kh2 h6 18. Ng1 Qc7 19. Bf3 b5 20. axb5 cxb5 21. Bd2 b4 22. Bg4
Bc6 23. Bf5 g6 24. Bxg6 fxg6 25. Bxh6 Qh7 26. Bg5 Rf8 27. f3 Ne6 28. Bd2 Nh5
29. Qg2 Rf7 30. Ra1 Bc7 31. Be1 Raf8 32. Rd2 Bd7 33. Rf2 Bd8 34. Ne2 Ng5 35. g4
Nxf3+ 36. Kh1 Nh4 37. Rxf7 Qxf7 38. Bxh4 Bxh4 39. gxh5 Qf3 40. Ng1 Qxg2+ 41.
Kxg2 Rf2+ 42. Kh1 gxh5 43. Nh2 Bd8 44. Rb1 Bc7 45. Ngf3 Bxh3 46. Rg1+ Kf8 47.
Rg5 Rb2 48. Rxh5 Rb1+ 49. Ng1 Bd7 50. Nhf3 Bg4 51. Rh8+ Kg7 0-1

[Event "XXII C.to Mondiale Seniores"]
[Site "Kamena Vourla GRE"]
[Date "2012.11.16"]
[Round "4"]
[White "Valenti, Giuseppe"]
[Black "Pihlajamaki, Antti"]
[WhiteElo "2169"]
[BlackElo "1925"]
[Result "1-0"]
[PlyCount "45"]
[EventDate "2012.11.13"]

1. e4 e5 2. Nf3 Nc6 3. Bb5 f5 4. d3 d6 5. O-O Nf6 6. Re1 fxe4 7. dxe4 Be7 8.
Bc4 Na5 9. Bb5+ Bd7 10. Bf1 O-O 11. b4 Nc6 12. c3 Qe8 13. Nbd2 h6 14. Qe2 Be6
15. h3 Nh5 16. g3 Qg6 17. Kh2 Qf7 18. a4 a6 19. Rb1 d5 20. b5 dxe4 21. bxc6
exf3 22. Qxe5 Bf5 23. Bc4 1-0

[Event "XXII C.to Mondiale Seniores"]
[Site "Kamena Vourla GRE"]
[Date "2012.11.17"]
[Round "5"]
[White "Gutkin, Boris"]
[Black "Valenti, Giuseppe"]
[WhiteElo "2289"]
[BlackElo "2169"]
[Result "1/2-1/2"]
[PlyCount "54"]
[EventDate "2012.11.13"]

1. d4 Nf6 2. Nf3 e6 3. c4 c5 4. a3 cxd4 5. Nxd4 a6 6. Nc3 Qc7 7. Bg5 Be7 8. e4
d6 9. Be2 Nbd7 10. Rc1 b6 11. O-O Bb7 12. f3 O-O 13. Qd2 Rfe8 14. Kh1 Rac8 15.
Be3 Qb8 16. Rfd1 Bf8 17. Bf1 Ne5 18. Na4 Ned7 19. b4 g6 20. Bf2 d5 21. Bg3 Qa7
22. cxd5 exd5 23. exd5 Bxd5 24. Nc3 Ba8 25. Re1 b5 26. Nb3 Nh5 27. Bf2 Nb6
1/2-1/2

[Event "XXII C.to Mondiale Seniores"]
[Site "Kamena Vourla GRE"]
[Date "2012.11.18"]
[Round "6"]
[White "Guaglianone, Mario"]
[Black "Markovic, Lazar"]
[WhiteElo "2017"]
[BlackElo "2197"]
[Result "0-1"]
[PlyCount "92"]
[EventDate "2012.11.13"]

1. Nf3 c5 2. c4 g6 3. Nc3 Nc6 4. g3 Bg7 5. Bg2 Nf6 6. O-O O-O 7. d3 d6 8. Bd2
Bd7 9. Qc1 a6 10. Bh6 Rb8 11. Bxg7 Kxg7 12. e3 b5 13. b3 b4 14. Nd5 e6 15. Nf4
e5 16. Ne2 a5 17. d4 Qc7 18. h3 Rfe8 19. dxe5 dxe5 20. Nd2 Bf5 21. e4 Bd7 22.
f4 Rbd8 23. f5 Qd6 24. fxg6 fxg6 25. Nf3 Rf8 26. Nh4 h6 27. Qe3 Nd4 28. Rad1
Rde8 29. Kh2 Qe7 30. Rd2 Bc6 31. Rf2 Qb7 32. Nc1 Qe7 33. Nd3 a4 34. bxa4 Bxa4
35. Rb2 Bc6 36. Bh1 Ra8 37. Nc1 Ra3 38. Qe1 Nh5 39. Rxf8 Qxf8 40. Rf2 Qe7 41.
Bf3 Nf6 42. Bg2 Nh5 43. Bf3 Nxg3 44. Kxg3 Qg5+ 45. Kh2 Qxh4 46. Bg2 Rxh3+ 0-1

[Event "XXII C.to Mondiale Seniores"]
[Site "Kamena Vourla GRE"]
[Date "2012.11.19"]
[Round "7"]
[White "Fereday, Andrew"]
[Black "Guaglianone, Mario"]
[WhiteElo "1915"]
[BlackElo "2017"]
[Result "1/2-1/2"]
[PlyCount "129"]
[EventDate "2012.11.13"]

1. d4 g6 2. c4 Bg7 3. Nf3 d6 4. Nc3 Nd7 5. e4 e5 6. Be2 Ngf6 7. Bg5 h6 8. Bxf6
Qxf6 9. Nd5 Qd8 10. dxe5 dxe5 11. O-O c6 12. Nc3 O-O 13. Qc2 Qc7 14. Rad1 Nc5
15. b4 Ne6 16. g3 Nd4 17. Nxd4 exd4 18. Nb1 Bh3 19. Rfe1 a5 20. bxa5 Qxa5 21.
a3 c5 22. Bf3 Qc7 23. Bg2 Bxg2 24. Kxg2 Qc6 25. Kg1 f5 26. Qd3 f4 27. f3 fxg3
28. hxg3 Ra5 29. Re2 b5 30. cxb5 Qxb5 31. Qxb5 Rxb5 32. Kg2 Rb3 33. f4 Rfb8 34.
Ree1 Rb2+ 35. Kh3 Ra2 36. e5 Rbb2 37. Kg4 Bf8 38. Kf3 h5 39. Ke4 Rb8 40. Rf1
Re8 41. f5 Re2+ 42. Kd3 Re3+ 43. Kc4 R8xe5 44. fxg6 Rxg3 45. Rg1 Rxg1 46. Rxg1
Kg7 47. a4 Re8 48. Nd2 Rb8 49. a5 Rb4+ 50. Kd5 d3 51. Ra1 Rd4+ 52. Kc6 c4 53.
a6 c3 54. a7 Rd8 55. a8=Q Rxa8 56. Rxa8 cxd2 57. Ra1 Kxg6 58. Kd5 Ba3 59. Rd1
Bc1 60. Ke4 Kg5 61. Kxd3 Kg4 62. Ke2 Kg3 63. Rg1+ Kh2 64. Kf2 h4 65. Rd1
1/2-1/2

[Event "XXII C.to Mondiale Seniores"]
[Site "Kamena Vourla GRE"]
[Date "2012.11.19"]
[Round "7"]
[White "Maman, Emanuel"]
[Black "Valenti, Giuseppe"]
[WhiteElo "1941"]
[BlackElo "2169"]
[Result "0-1"]
[PlyCount "72"]
[EventDate "2012.11.13"]

1. e4 c5 2. Nf3 Nc6 3. c4 a6 4. d4 cxd4 5. Nxd4 Qc7 6. Nc3 e6 7. a3 Nf6 8. Be3
d6 9. Be2 Ne5 10. Rc1 Be7 11. O-O O-O 12. f3 b6 13. Qd2 Bb7 14. Rfd1 Rfe8 15.
b3 Rac8 16. Na4 Ned7 17. Bf1 Qb8 18. Qf2 Bd8 19. Qg3 Bc7 20. Qf2 d5 21. cxd5
Bxh2+ 22. Kh1 exd5 23. Rxc8 Rxc8 24. Nf5 b5 25. Ne7+ Kf8 26. Nxc8 bxa4 27. Nb6
Bg3 28. Nxd7+ Nxd7 29. Qb2 Qd6 30. Qc3 Qg6 31. Rxd5 Bxd5 32. Qc8+ Ke7 33. Bc5+
Nxc5 34. Qxc5+ Bd6 35. Qxd5 Qh6+ 36. Kg1 Qe3+ 0-1

[Event "XXII C.to Mondiale Seniores"]
[Site "Kamena Vourla GRE"]
[Date "2012.11.21"]
[Round "8"]
[White "Guaglianone, Mario"]
[Black "Filzmaier, Bruno"]
[WhiteElo "2017"]
[BlackElo "1903"]
[Result "0-1"]
[PlyCount "64"]
[EventDate "2012.11.13"]

1. Nf3 d5 2. d4 e6 3. Bf4 Nf6 4. e3 Nbd7 5. Be2 c5 6. c3 a6 7. h3 b6 8. Nbd2
Bb7 9. O-O c4 10. Qc2 Be7 11. Ne5 O-O 12. e4 b5 13. Nxd7 Qxd7 14. e5 Ne4 15. f3
Nxd2 16. Bxd2 a5 17. f4 f5 18. exf6 Rxf6 19. Bg4 Raf8 20. Rf2 g6 21. h4 Bd6 22.
Re2 Bc8 23. Rae1 Qf7 24. g3 h6 25. Bh3 g5 26. hxg5 hxg5 27. Rg2 Kg7 28. f5 Qh5
29. Bxg5 Qxg5 30. fxe6 Re8 31. Rf1 Qe3+ 32. Rff2 Bxe6 0-1

[Event "XXII C.to Mondiale Seniores"]
[Site "Kamena Vourla GRE"]
[Date "2012.11.22"]
[Round "9"]
[White "Alavi, Mir Mahmood"]
[Black "Guaglianone, Mario"]
[WhiteElo "1918"]
[BlackElo "2017"]
[Result "1/2-1/2"]
[PlyCount "56"]
[EventDate "2012.11.13"]

1. e4 d6 2. f4 c5 3. Nf3 g6 4. Bc4 Bg7 5. O-O Nc6 6. c3 e6 7. Kh1 Nge7 8. d4
cxd4 9. cxd4 d5 10. exd5 Nxd5 11. Bxd5 Qxd5 12. Nc3 Qd8 13. d5 Ne7 14. d6 Nf5
15. Nb5 O-O 16. g4 Nh6 17. Ne5 Bd7 18. Nc7 Rc8 19. Be3 b6 20. Qf3 f6 21. Nxd7
Qxd7 22. Rfd1 Kh8 23. Rac1 Nf7 24. Qc6 Rfd8 25. Qxd7 Rxd7 26. Nxe6 Rxc1 27.
Rxc1 Nxd6 28. Rd1 Kg8 1/2-1/2

[Event "XXII C.to Mondiale Seniores"]
[Site "Kamena Vourla GRE"]
[Date "2012.11.24"]
[Round "11"]
[White "Meizlin, Yaacov"]
[Black "Guaglianone, Mario"]
[WhiteElo "2122"]
[BlackElo "2017"]
[Result "1-0"]
[PlyCount "99"]
[EventDate "2012.11.13"]

1. c4 e5 2. Nc3 Nc6 3. g3 f5 4. Bg2 Nf6 5. e3 Be7 6. Nge2 O-O 7. O-O d6 8. a3
Be6 9. Nd5 Rb8 10. d4 Bf7 11. b4 Qd7 12. Bb2 exd4 13. exd4 Nxd5 14. cxd5 Nd8
15. Re1 Re8 16. Qc2 Bf6 17. Nf4 g5 18. Rxe8+ Bxe8 19. Ne6 Bg6 20. Re1 Rc8 21.
Qd2 Nf7 22. f4 g4 23. Qc2 Re8 24. Qc4 Bd8 25. b5 h6 26. a4 Bf6 27. Rc1 Rc8 28.
a5 b6 29. axb6 axb6 30. Ra1 Nd8 31. Ra7 Bf7 32. Nxd8 Qxd8 33. Kf2 Qd7 34. Bf1
Kg7 35. Bd3 Bg6 36. Bc1 h5 37. Be3 h4 38. Qc6 Qxc6 39. bxc6 hxg3+ 40. Kxg3 Bd8
41. h3 gxh3 42. Kxh3 Rb8 43. Bf2 Bf7 44. Bh4 Bxd5 45. Bxd8 Rxd8 46. Rxc7+ Kf6
47. Bb5 Rb8 48. Rd7 Ke6 49. c7 Rc8 50. Rh7 1-0